000 00445nam a2200181Ia 4500
008 100917s9999 xx 000 0 und d
082 _b58422
100 _aआफळे सुनिती
245 _aकेवडा
260 _bआरती प्रकाशन
_c1983
300 _a164
365 _b30
520 _aकथा
630 _aकेवडा
650 _aकथा
730 _aकेवडा
942 _cBOOK
999 _c663816
_d663813